000 00424nam a22001575i 4500
001 48223
003 ES-MaACL
007 t|
008 950710s1879 fr ||||1| fre d
040 _aCAM
_bspa
_cCAM
100 1 _aChavette, Eugène.
_938277
245 1 3 _aLe roi des limiers
_b: (affaire de femme) /
_cEugène Chavette.
260 _aParis :
_bDentú,
_c1879.
300 _a400 p. ;
_c17 cm.
852 _aES-MaACL
_jC-966
999 _c48223
_d48223